Districts of Sri Lanka (With a Map) - Statistics

General Stats
  • This quiz has been taken 1,133 times
  • The average score is 13 of 25
Answers on the Map
Answers color-coded by a green-red scale on the quiz's map according to % correct below.
 
Answer Stats
Districts % Correct
Colombo
96%
Kandy
82%
Jaffna
81%
Galle
71%
Anuradhapura
61%
Trincomalee
61%
Nuwara Eliya
52%
Mannar
51%
Matara
51%
Ampara
48%
Batticaloa
48%
Hambantota
47%
Gampaha
46%
Puttalam
45%
Badulla
42%
Kalutara
42%
Kilinochchi
41%
Polonnaruwa
41%
Vavuniya
40%
Matale
38%
Ratnapura
38%
Kurunegala
37%
Kegalle
36%
Monaragala
33%
Mullaitivu
28%
No matching quizzes found
Score Distribution
Percent of People with Each Score
Percentile by Number Answered
Your Score History
You have not taken this quiz